Siamese Dream Album Tracklist - Statistics

General Stats
  • This quiz has been taken 26 times
  • The average score is 11 of 13
Answer Stats
Hint Answer % Correct
1 Cherub Rock
100%
3 Today
100%
4 Hummer
91%
13 Luna
91%
9 Mayonaise
91%
2 Quiet
82%
5 Rocket
82%
11 Silverfuck
82%
7 Soma
82%
12 Sweet Sweet
82%
6 Disarm
73%
10 Spaceboy
73%
8 Geek U.S.A.
64%
No matching quizzes found
Score Distribution
Percent of People with Each Score
Percentile by Number Answered
Your Score History
You have not taken this quiz